A B C of Economics/ (Record no. 36208)

MARC details
000 -LEADER
fixed length control field 00395nam a22001577a 4500
005 - DATE AND TIME OF LATEST TRANSACTION
control field 20240725094823.0
008 - FIXED-LENGTH DATA ELEMENTS--GENERAL INFORMATION
fixed length control field 240725b |||||||| |||| 00| 0 eng d
082 ## - DEWEY DECIMAL CLASSIFICATION NUMBER
Classification number 330
Item number YOU-A
100 ## - MAIN ENTRY--AUTHOR
Author Name Yousaf,T.M
245 ## - TITLE STATEMENT
Title A B C of Economics/
Statement of responsibility, etc. T.M.Yousaf
260 ## - PUBLICATION, DISTRIBUTION, ETC.
Place of Publication Lahore;
Name of publisher, distributor, etc. Ilmi Kitab Khana;
Date of publication, distribution, etc. 2010.
300 ## - PHYSICAL DESCRIPTION
Pages xiv, 392 p.:
650 ## - SUBJECT ADDED ENTRY--TOPICAL TERM
Subject / Department Economics
300 ## - PHYSICAL DESCRIPTION
-- ill;
-- 23 cm.
952 ## - LOCATION AND ITEM INFORMATION (KOHA)
-- 0
-- 0
Holdings
Lost status Damaged status Collection code Permanent Location Current Location Shelving Location Date acquired Full Call Number Accession No./Barcode Date last seen item type Koha item type
    Economics/Commerce Superior Information Resource Center (SIRC) Superior University - City Campus Superior Information Resource Center (SIRC) Superior University - City Campus Economics 07/25/2024 330 YOU-A 2010 7033 07/25/2024 BOOK BOOK

Powered by Koha